The Texans: (Record no. 1009)
[ view plain ]
| 000 -LEADER | |
|---|---|
| fixed length control field | 00453nam a22001697a 4500 |
| 008 - FIXED-LENGTH DATA ELEMENTS--GENERAL INFORMATION | |
| fixed length control field | 150609b xxu||||| |||| 00| 0 eng d |
| 041 ## - LANGUAGE CODE | |
| Language code of text/sound track or separate title | eng |
| 080 ## - UNIVERSAL DECIMAL CLASSIFICATION NUMBER | |
| Universal Decimal Classification number | 355.426 |
| 100 ## - Rafti | |
| Rafti | Nevin, David, |
| 100 ## - Rafti | |
| -- | 1927-2011. |
| 245 ## - TITLE STATEMENT | |
| Title | The Texans: |
| 260 ## - | |
| -- | New York, |
| -- | W. Morrow, |
| -- | 1968. |
| 300 ## - | |
| -- | 241 f. ; |
| -- | me il. ; |
| -- | 22 cm. ; |
| 500 ## - | |
| -- | Index: f. 238-240 |
| 650 #0 - | |
| -- | The Texans |
| 650 #0 - | |
| -- | Luftërat civile |
| 942 ## - ADDED ENTRY ELEMENTS (KOHA) | |
| Source of classification or shelving scheme | |
| Item type | Books |
| Withdrawn status | Lost status | Source of classification or shelving scheme | Damaged status | Not for loan | Collection code | Permanent location | Current location | Shelving location | Date acquired | Total Checkouts | Full call number | Date last seen | Price effective from | Koha item type |
|---|---|---|---|---|---|---|---|---|---|---|---|---|---|---|
| Koleksioni i përgjithshem | UBT - Lipjan | UBT - Lipjan | Koleksioni i përgjithshem | 06/09/2015 | 355.426 TEX | 06/09/2015 | 06/09/2015 | Books |